| 000 | 00974nam a22003017a 4500 | ||
|---|---|---|---|
| 001 | 6873 | ||
| 003 | FISKH | ||
| 005 | 20250604095749.0 | ||
| 008 | 250604b cb ||||| |||| 00| 0 eng d | ||
| 020 | _a071001002256 | ||
| 040 |
_aFISKH _beng _cFISKH _dFISKH |
||
| 050 | _a PZ7.P219 A | ||
| 082 | _a813.54 | ||
| 100 |
_aParish, Peggy _d (1927–1988) |
||
| 245 |
_aAmelia Bedelia helps out / _cBy Peggy Parish ; Picture by Lynn Sweat |
||
| 250 | _aThis edition first published in 1979 | ||
| 260 |
_aNew York : _bAn Avon, _c1979 |
||
| 300 |
_a63 pages : _bcolor illustrations ; _c20 cm |
||
| 505 | _aJ | ||
| 520 | _aAmelia Bedelia shows her niece Effie Lou how to follow instructions to the letter as they dust the potato bugs and sew seeds. | ||
| 521 | 8 |
_a440
_bLexile |
|
| 521 | 8 |
_aJ
_bRaz-Plus |
|
| 650 |
_2Early reader _aBeginning reader |
||
| 650 |
_2Funny _aHomophones |
||
| 700 |
_aSweat, Lynn _dillustrator |
||
| 942 |
_2ddc _cBK _n0 |
||
| 999 |
_c6873 _d6873 |
||